| 000 | 00745cam a22002533a 4500 | ||
|---|---|---|---|
| 001 | 25236 | ||
| 003 | PGUSA | ||
| 005 | 20140828083537.0 | ||
| 008 | 080429s2008||||xxu|||||s|||||000 | eng d | ||
| 040 |
_aPGUSA _beng |
||
| 042 | _adc | ||
| 050 | 4 | _aBL | |
| 100 | 1 |
_aHuangbo, _d-850 |
|
| 245 | 1 | 0 |
_a筠州黃檗山斷際禪師傳法心要 _h[electronic resource] / _cHuangbo |
| 260 |
_bProject Gutenberg, _c2008 |
||
| 506 | _aPublic domain in the USA. | ||
| 516 | _aElectronic text | ||
| 653 | _aZen Buddhism | ||
| 740 | 0 | _a筠州黄蘗山斷際禪師傳心法要 | |
| 740 | 0 | _aYunzhou Huangbo shan Duanji chan shi chuan xin fa yao | |
| 830 | 0 |
_aProject Gutenberg _v25236 |
|
| 856 | 4 | 0 | _uhttp://www.gutenberg.org/ebooks/25236 |
| 942 | _cEB | ||
| 999 |
_c254491 _d254491 |
||